000 nam a22 7a 4500
999 _c8550
_d8550
008 180117b ||||| |||| 00| 0 eng d
100 _aDutta.H.V.
_94937
245 _aGeneral Awarness
260 _aNew Delhi
_brachna
_c2009